Virginal mothers, groovy chicks and blokey blokes re-thinking home economics (and) teaching bodies /

Bibliographic Details
Main Author: Pendergast, Donna.
Corporate Author: ProQuest (Firm)
Format: Electronic eBook
Language:English
Published: Brisbane : Australian Academic Press, 2001.
Subjects:
Online Access:Click to View
LEADER 01293nam a2200337 a 4500
001 EBC335692
003 MiAaPQ
005 20200520144314.0
006 m o d |
007 cr cn|||||||||
008 120424s2001 qea sb 001 0 eng d
020 |z 9781875378395 
020 |a 9781875378920 (electronic bk.) 
035 |a (MiAaPQ)EBC335692 
035 |a (Au-PeEL)EBL335692 
035 |a (CaPaEBR)ebr10551728 
035 |a (CaONFJC)MIL937811 
035 |a (OCoLC)476150002 
040 |a MiAaPQ  |c MiAaPQ  |d MiAaPQ 
050 4 |a TX13  |b .P46 2001 
100 1 |a Pendergast, Donna. 
245 1 0 |a Virginal mothers, groovy chicks and blokey blokes  |h [electronic resource] :  |b re-thinking home economics (and) teaching bodies /  |c Donna Pendergast. 
260 |a Brisbane :  |b Australian Academic Press,  |c 2001. 
300 |a ix, 233 p. 
504 |a Includes bibliographical references and index. 
533 |a Electronic reproduction. Ann Arbor, MI : ProQuest, 2015. Available via World Wide Web. Access may be limited to ProQuest affiliated libraries. 
650 0 |a Home economics  |x Study and teaching. 
650 0 |a Home schooling. 
655 4 |a Electronic books. 
710 2 |a ProQuest (Firm) 
856 4 0 |u https://ebookcentral.proquest.com/lib/matrademy/detail.action?docID=335692  |z Click to View